[Event "28th Sigeman & Co 2024"]
[Site "Malmo SWE"]
[Date "2024.05.03"]
[Round "7.4"]
[White "Grandelius, Nils"]
[Black "Erigaisi, Arjun"]
[Result "1/2-1/2"]
[WhiteTitle "GM"]
[BlackTitle "GM"]
[WhiteElo "2664"]
[BlackElo "2756"]
[WhiteFideId "1710400"]
[BlackFideId "35009192"]
[EventDate "2024.04.27"]

1. e4 c5 2. Nf3 d6 3. Bb5+ Nd7 4. d4 cxd4 5. Nxd4 Nf6 6. Bd3 Nc5 7. Nc3 g6 8.
O-O Bg7 9. Re1 O-O 10. Bf1 Bd7 11. a4 a6 12. Ra3 Rc8 13. h3 Re8 14. a5 Bc6 15.
Nxc6 Rxc6 16. b4 Ncd7 17. Nd5 Nxd5 18. exd5 Rc7 19. c4 Ne5 20. Rc3 Qc8 21. Qb3
e6 22. dxe6 fxe6 23. Bb2 d5 24. cxd5 Rxc3 25. Bxc3 Nf3+ 26. gxf3 Qxc3 27. Qxc3
Bxc3 28. Re4 Kf8 29. dxe6 Ke7 30. h4 Rd8 31. Rc4 Be5 32. f4 Bd6 33. Bg2 Rb8 34.
Bd5 b6 35. Rc6 bxa5 36. Rxa6 axb4 37. Ra7+ Ke8 38. Bc6+ Kf8 39. Rf7+ Kg8 40. Rd7
b3 41. Rxd6 b2 42. Be4 b1=Q+ 43. Bxb1 Rxb1+ 44. Kg2 Kg7 45. Rd5 Kf6 46. Re5 Ke7
47. Kf3 Rh1 48. h5 Rh3+ 49. Kg2 Ra3 50. h6 Ra1 51. Rb5 Kxe6 52. Rb7 Ra5 53. Rxh7
Rh5 54. Kf3 Kf6 55. Rh8 Rh4 56. Ke3 Kf7 57. Kf3 Kf6 58. Kg2 Rh5 59. Kg3 Rh1 60.
f3 Kf7 61. f5 gxf5 62. Kf4 Rh3 63. Ra8 Rxh6 64. Ra7+ Kf8 65. Kxf5 Rb6 1/2-1/2